European Actors - Sudden Death - Statistics

General Stats
  • This quiz has been taken 71 times
  • The average score is 8 of 14
Answers on the Grid
Answers color-coded by a green-red scale on the quiz's grid according to % correct below.
Al Pacino
Alain Delon
Antonio Banderas
Benicio del Toro
Brad Pitt
Christian Bale
Christoph Waltz
Christopher Lee
Daniel Brühl
Daniel Radcliffe
Diego Luna
Dolph Lundgren
Franco Nero
Hayden Christensen
Jake Gyllenhaal
Jean-Claude Van Damme
Jensen Ackles
Joaquin Phoenix
Johnny Depp
Liam Neeson
Mads Mikkelsen
Mark Hamill
Michael Peña
Robert De Niro
Stellan Skarsgård
Sylvester Stallone
Tom Hanks
Tom Hardy
 
Answer Stats
Answer % Correct
Daniel Radcliffe
71%
Stellan Skarsgård
70%
Christoph Waltz
66%
Antonio Banderas
64%
Jean-Claude Van Damme
57%
Liam Neeson
57%
Mads Mikkelsen
57%
Alain Delon
54%
Dolph Lundgren
50%
Christian Bale
48%
Daniel Brühl
46%
Tom Hardy
45%
Christopher Lee
41%
Franco Nero
29%
No matching quizzes found
Score Distribution
Percent of People with Each Score
Percentile by Number Answered
Your Score History
You have not taken this quiz